00686nam a2200205 i 450000100060000000300090000600500170001500700030003200800410003510000260007624500720010226000360017430000220021049000170023270000310024983000250028085200320030599900170033795201260035450146ES-MaACL20230906162130.0t|030731s1960 sp ||||1| spa d1 aCromwell, J.L.94168810aQuema el suelo / cJ. L. Cromwell ; [versión de Juan L. Calleja]. a[Barcelona] : bCisne, c[1960] a255 p. ; c18 cm.1 aLibros Plaza1 aCalleja, Juan Luis.9337200 aLibros Plaza9181449 aES-MaACLjC-18789 bR.46437 c50146d50146 00104070aATENEOMbATENEOMcGaleríad2008-01-17eSCl0oC-18789p1052750r2023-02-23 00:00:00w2023-02-23yMONOGRAFIA